00787nam a2200205 a 450000100100000000500170001000800410002702000150006804000130008308200190009610000260011524500990014126000760024030000270031650000310034365000610037404900090043595201220044499900150056600000542920200929151657.0090819s1988 es a 001 spa d a8475286674 aDO-SdBNP a016.913bC238l1 aCapel, Horacio91541613aEl libro de geografía en España, 1800 - 1939 /cHoracio Capel, Jordi Solé, Luis Urteaga. aBarcelona, :bConsejo superior de Investigaciones Científicas,c1988. a213 p. :bil ;c25 cm. aIncluye tabla de contenido 4aGeografiaxTratados, manuales, etc.xBibliografia915417 aBNPD 001054708MOaGRbGRcCTd2009-08-19iLF1l0o016.913 C238lp5429-10r2020-06-25w2020-06-25y4ZPréstamo en sala c5229d5229